Až zmizí inflace
Konvergenčné kritéria a Česká republika. Predpoklady zapojenia koruny do Mechanizmu výmenných kurzov (ERM II). Miera inflácie a zapojenie koruny do ERM II.
Gespeichert in:
| 1. Verfasser: | |
|---|---|
| Format: | Buchkapitel |
| Sprache: | Tschechisch |
| Schlagworte: | |
| Tags: |
Keine Tags, Fügen Sie das erste Tag hinzu!
|
MARC
| LEADER | 00000naa a2200000 4500 | ||
|---|---|---|---|
| 001 | r034067 | ||
| 005 | 20230920095731.5 | ||
| 041 | 0 | |a cze | |
| 044 | |a CZ | ||
| 245 | 1 | 0 | |a Až zmizí inflace |c Roman Šilha |
| 520 | |a Konvergenčné kritéria a Česká republika. Predpoklady zapojenia koruny do Mechanizmu výmenných kurzov (ERM II). Miera inflácie a zapojenie koruny do ERM II. | ||
| 610 | 2 | 0 | |a Európska únia |
| 610 | 2 | 0 | |a euromena |
| 610 | 2 | 0 | |a koruna |
| 610 | 2 | 0 | |a inflácia |
| 610 | 2 | 0 | |a sadzby úrokové |
| 610 | 2 | 0 | |a deficit rozpočtový |
| 610 | 2 | 0 | |a banky |
| 610 | 2 | 0 | |a politika menová |
| 610 | 2 | 0 | |a Česko |
| 100 | 1 | |a Šilha, Roman | |